00403nam a2200133 a 4500008004100000020001800041050001400059100002400073245007800097250001900175260004200194300001900236650001400255210427s2010 ||||||||||||||||| || u a9780199574889 aK 435 Ple aPlessis, Paul J. du10aBorkowski's textbook on Roman law (Fourth edition)cBy Paul J. du Plessis aFourth edition aOxfordbOxford University Pressc2010 axvi, 427 pages aROMAN LAW